000 01275nam a22002297a 4500
999 _c60231
_d60231
003 Ge_BSU
005 20230621093712.0
008 230621s1999 ge ||||| |||| 00| 0 geo d
020 _a999286544X
041 _ageo
080 _a821.14'01-21 ე-35
100 _aევრიპიდე
_915553
245 _aმედეა /
_cძვ. ბერძნ. თარგმნა ბაჩანა ბრეგვაძემ.; წინასიტყვ. და კომენტ. რისმაგ გორდეზიანისა; [რედ.: ლაშა ბერაია]; თსუ, კლასიკ. ფილოლ., ბიზანტ. და ნეოგრეც. ინ-ტი.
250 _aმე-2 შესწ. გამოც.
264 _aთბილისი :
_bლოგოსი,
_c1999.
300 _a82 გვ. ;
_b17 სმ.
653 _aმედეა
700 _aგორდეზიანი, რისმაგ
_e წინასიტყვაობის ავტორი
_918839
700 _aბერაია, ლაშა
_eრედაქტორი
_918840
710 _aთსუ
_bკლასიკ. ფილოლ., ბიზანტ. და ნეოგრეც. ინ-ტი.
_917890
942 _2udc
_cBK